Kapten beruang

Bibliographic Details
Main Author: Ruiye
Format: Book
Published: Selangor : TSM Publication & Distributor , 2005
Series:Siri moral kanak-kanak pintar
Subjects:

MARC

LEADER 00000cam a2200000 7i4500
001 0000052785
005 20220105104157.0
008 151006
020 |a 9833276113 (set) 
020 |a 983327613x 
090 0 0 |a MOR   |b MAL 
100 0 |a Ruiye 
245 1 0 |a Kapten beruang   |c Ruyie 
260 |a Selangor :   |b TSM Publication & Distributor ,   |c 2005 
490 1 |a Siri moral kanak-kanak pintar 
500 |a Children age 4-6 years old (yellow) 
650 0 |a Public relation   |x Malay   |x Languages 
999 |a 0001044238   |b Book   |c Children Collection   |e Cawangan Segamat 
999 |a 0001044240   |b Book   |c Children Collection   |e Cawangan Segamat